|
|
|
|
| LEADER |
00000nam a22000007a 4500 |
| 005 |
20220801231557.0 |
| 007 |
cr|||| |||| |
| 008 |
220801s2021 br |||||s|||| 00||0 por d |
| 020 |
|
|
|a 978658935156-6
|
| 035 |
|
|
|a 36779
|
| 040 |
|
|
|a vLex
|
| 090 |
|
|
|c 13661
|d 13661
|
| 100 |
1 |
|
|a Alves Vasconcelos, Priscila Elise
|
| 245 |
1 |
0 |
|a Direitos humanos
|h [Recurso electrn̤ico] :
|b Estudos em homenagem ao professor Cleyson de Moraes Mello /
|c Priscila Elise Alves Vasconcelos, Rafael Spalding Cavalli
|
| 256 |
|
|
|a Servicio en ln̕ea
|
| 260 |
|
|
|a Rio de Janeiro:
|b Editora Processo,
|c 2021
|
| 300 |
|
|
|a 1 recurso electrn̤ico
|
| 506 |
1 |
|
|a Disponible solo en los productos indicados
|d vLex Global
|d vLex Global (Academic Edition, excluding Law Schools)
|d vLex Global (U.S. Academic Edition, Law Schools)
|d vLex Global (U.S. Academic Edition, excluding Law Schools)
|d vLex Global (Academic Edition, Law Schools)
|
| 650 |
0 |
4 |
|a Derecho Constitucional
|z Brasil
|
| 700 |
1 |
|
|a Spalding Cavalli, Rafael
|
| 740 |
0 |
|
|a vLex Libros (Servicio en ln̕ea)
|
| 856 |
4 |
0 |
|u https://app.vlex.com/#/sources/36779
|z Acceso restringido
|
| 942 |
|
|
|c BOOK
|
| 999 |
0 |
|
|a Constitutional right
|